000 00310nam a2200133Ia 4500
005 20260328104340.0
008 260328s9999||||xx |||||||||||||| ||und||
100 _aLeón, Lizeth
245 0 _aFachadas Bogotánas /
_cLizeth León
260 _bMilserifas
300 _a156 p.
650 _aISLA
942 _cBK
999 _c12090
_d12090